00878nam a22001817a 4500003000800000008004100008037000800049040003500057041000800092080001100100100003500111245015900146260009000305300002100395500017700416650008000593655002300673BI-BuBU260512b bd fq|||| 000 0 fre d bdon aBI-BuBUbfrecBI-BuBUdBI-BuBU0 afre a336.021 4aut.aHavyarimana, Appolinaire10aAnalyse des effets de la fiscalité des couplée à l'investissement brut sur la croissance économique au Burundi(2002-2023)cAppolinaire Havyarimana aBujumburabUniversité du Burundi : Faculté des Sciences Economiques et de Gestion aXV-93 f.c30 cm. aMémoire présenté et défendu publiquement en vue de l'obtention du diplôme de master en Analyse Economique et Développement Spécialité : Analyse économique 72BI-BuBUaCroissance économiquexFiscalité(effet)y(2002-20023)zBurundi 72BI-BuBUamémoire